تعليم المتعلم طرق التعليم : (رقم التسجيلة. 21828)

تفاصيل مارك
000 -LEADER
fixed length control field 00730nam a22002057a 4500
005 - DATE AND TIME OF LATEST TRANSACTION
control field 20251108165208.0
008 - FIXED-LENGTH DATA ELEMENTS--GENERAL INFORMATION
fixed length control field 250721s9999 xx 000 0 ara d
082 14 - DEWEY DECIMAL CLASSIFICATION NUMBER
Classification number 370.1/زرن
100 1# - MAIN ENTRY--PERSONAL NAME
Personal name الزرنوجي، للأمام برهان الدين
245 10 - TITLE STATEMENT
Title تعليم المتعلم طرق التعليم :
Remainder of title المرشد الأمين في تربية البنات والبنين /
264 1# - PRODUCTION, PUBLICATION, DISTRIBUTION, MANUFACTURE, AND COPYRIGHT NOTICE
Place of production, publication, distribution, manufacture القاهرة :
Name of producer, publisher, distributor, manufacturer مكتبة القرآن،
Date of production, publication, distribution, manufacture, or copyright notice [19-].
300 ## - PHYSICAL DESCRIPTION
Extent 158ص
490 0# - SERIES STATEMENT
Series statement من روائع المخطوطات العثمانية
650 17 - SUBJECT ADDED ENTRY--TOPICAL TERM
Topical term or geographic name as entry element التربية
650 17 - SUBJECT ADDED ENTRY--TOPICAL TERM
Topical term or geographic name as entry element الفلسفة
650 17 - SUBJECT ADDED ENTRY--TOPICAL TERM
Topical term or geographic name as entry element النظريات
700 1# - ADDED ENTRY--PERSONAL NAME
Personal name عاشور، مصطفى
Relator term تحقيق
942 ## - ADDED ENTRY ELEMENTS (KOHA)
Source of classification or shelving scheme Dewey Decimal Classification
Koha item type كتب
المقتنيات
حالة السحب حالة الفقدان مصدر التصنيف حالة التلف غير قابل للإعارة المكتبة الرئيسية المكتبة الحالية موقع الرف تاريخ التزويد الرقم المتسلسل Total Checkouts رقم الإستدعاء تاريخ آخر ظهور تاريخ الفاتورة نوع المادة (كوها) الباركود
    Dewey Decimal Classification Unchecked   مكتبة الحسن العامة مكتبة الحسن العامة الإعارة 06/07/2004 331   370.1/زرن 28/07/2025 06/07/2004 كتب  
    Dewey Decimal Classification     مكتبة حمزة العامة مكتبة حمزة العامة الإعارة 09/02/2016 [2867]..   370.1/زرن 28/07/2025 09/02/2016 كتب PLD00372801
Implemented & Customized by: BBB with SCIT (Smart Chains for Information Technology)

Powered by Koha